Govt. of
Madhya Pradesh

Living Faiths in Modern India (Record no. 14524)

MARC details
000 -LEADER
fixed length control field 003640000a22001570004500
001 - CONTROL NUMBER
control field 002615
003 - CONTROL NUMBER IDENTIFIER
control field MACL
040 ## - CATALOGING SOURCE
Original cataloging agency MACL
090 ## - LOCALLY ASSIGNED LC-TYPE CALL NUMBER (OCLC); LOCAL CALL NUMBER (RLIN)
-- 14608
-- 14607
100 ## - MAIN ENTRY--PERSONAL NAME
Personal name Ahluwalia, Shashi
245 ## - TITLE STATEMENT
Title Living Faiths in Modern India
Statement of responsibility, etc. Shashi Ahluwalia
260 ## - PUBLICATION, DISTRIBUTION, ETC. (IMPRINT)
Place of publication, distribution, etc. Indian Publishers Distributors,
Date of publication, distribution, etc. 1992
350 ## - PRICE (NR) (BK AM CF MU VM SE) [OBSOLETE]
Price 500
650 ## - SUBJECT ADDED ENTRY--TOPICAL TERM
Topical term or geographic name as entry element Religion
942 ## - ADDED ENTRY ELEMENTS (KOHA)
Call number prefix 294
Koha item type Library Membar
Holdings
Withdrawn status Lost status Source of classification or shelving scheme Damaged status Not for loan Home library Current library Date acquired Cost, normal purchase price Total Checkouts Total Renewals Full call number Barcode Date last seen Date last checked out Uniform Resource Identifier Price effective from Koha item type
          MACL MACL 15/04/2015 500.00 1 1 294 AHL CRE010968 02/05/2024 22/12/2016 14410 15/04/2015 Books